000 00792nam a22002417a 4500
001 BR6007049
003 BR-BrBNA
005 20230928095617.0
007 ta
008 230509b bl.||||| |||| 00| 0 por d
040 _aBR-BrBNA
_bpor
_cBiblioteca Nacional de Agricultura
041 _a(Por)
072 _aF60
_b9500
090 _ 9500 BR6007049
110 1 _aMinisterio da Agricultura, Rio de Janeiro, GB (Brasil). Inst. de Oleos
_96961
245 1 _aNotas para coletanea de especificacoes e padroes de alguns oleos essenciais da Secao Cientifica da "Essential Oil Association of U.S.A."
260 3 _aRio de Janeiro, GB (Brasil):
_c1953.
300 _a134 p.
650 _aOleo Essencial
650 _aControle de Qualidade
909 _a202309
_bLucia
_c55
_dLucia Elande
942 _cBK
999 _c57615
_d57615